UBT Library

Deep space : (Record no. 40588)

000 -LEADER
fixed length control field 00906cam a22002777a 4500
001 - CONTROL NUMBER
control field 14752104
005 - DATE AND TIME OF LATEST TRANSACTION
control field 20180119074116.0
008 - FIXED-LENGTH DATA ELEMENTS--GENERAL INFORMATION
fixed length control field 070228s2005 onca 000 0 eng
010 ## - LIBRARY OF CONGRESS CONTROL NUMBER
LC control number 2007386264
015 ## - NATIONAL BIBLIOGRAPHY NUMBER
National bibliography number GBA516706
Source bnb
016 7# - NATIONAL BIBLIOGRAPHIC AGENCY CONTROL NUMBER
Record control number 013119301
Source Uk
020 ## - INTERNATIONAL STANDARD BOOK NUMBER
International Standard Book Number 1894959159 (pbk.)
035 ## - SYSTEM CONTROL NUMBER
System control number (OCoLC)ocm57750640
040 ## - CATALOGING SOURCE
Original cataloging agency UKM
Transcribing agency UKM
Modifying agency OMP
-- BAKER
-- C#P
-- YDXCP
-- DLC
041 ## - LANGUAGE CODE
Language code of text/sound track or separate title eng
042 ## - AUTHENTICATION CODE
Authentication code ukscp
-- lccopycat
043 ## - GEOGRAPHIC AREA CODE
Geographic area code n-us---
-- zo-----
080 ## - UNIVERSAL DECIMAL CLASSIFICATION NUMBER
Universal Decimal Classification number 629.435 cla
082 04 - DEWEY DECIMAL CLASSIFICATION NUMBER
Classification number 629.435 cla
Edition number 22
100 ## - Rafti
Rafti 42
101 ## - Shkurtesa
Shkurtesa ast
245 00 - TITLE STATEMENT
Title Deep space :
Statement of responsibility, etc compiled from the archives & edited by Robert Godwin & Steve Whitfield.
906 ## - LOCAL DATA ELEMENT F, LDF (RLIN)
a 7
b cbc
c copycat
d 2
e ncip
f 20
g y-gencatlg
942 ## - ADDED ENTRY ELEMENTS (KOHA)
Source of classification or shelving scheme
Item type Books
Holdings
Withdrawn status Lost status Source of classification or shelving scheme Damaged status Not for loan Collection code Permanent location Current location Date acquired Total Checkouts Full call number Barcode Date last seen Price effective from Koha item type
          Koleksioni i përgjithshem UBT - Lipjan UBT - Lipjan 01/19/2018   629.435 CLA 002-2995944 01/19/2018 01/19/2018 Books
UBT Library © 2015-2024. All rights reserved University Education for Business and Technology